000 00428nam a2200121 a 4500
008 120416s1999 xx |||||||||||||| || u
050 _aTHESIS
100 _aSilweya, Julius
245 1 0 _aProblems and prospects of the non-traditional export sector in Zambia
260 _c1999
350 _a0.00
995 _D0.00
_FCBU-MAIN LIBRARY (Kitwe)
_H1
_I0.00
_UAVAILABLE
_ZUniversity Collection
999 _c54779
_d54779